000 00935nam a22002897a 4500
003 CHAP
005 20220329133650.0
008 971013s1992 r 00010 d
010 _a9214
011 _a10186
035 _a9423
040 _cCHAP
082 _a634.61
_bP4
100 0 0 _aPersley, Gabrielle Josephine.
_987319
245 _aReplanting the tree of life
_b: towards an international agenda for coconut palm research
260 _aWallingford, UK :
_bCAB International,
_c1992
300 _a156 p.
_b: ilus
590 _aBATCH-UPD
_b10
_c20130110
_lUCH01
_h1058
590 _aBATCH-UPD
_b10
_c20130410
_lUCH01
_h0652
590 _aBATCH-UPD
_b10
_c20130914
_lUCH01
_h0954
590 _aCONVERSION
_b10
_c20130109
_lUCH01
_h1306
650 1 4 _aCoco.
_924234
650 1 4 _aPalmas
_xPropagación.
_984981
901 _aBK
942 _cLIBRO
949 _a634.61 P4
_bBC
_cLIBRO
_d33724000205688
_eLIBRO
_gI.170416
_h85656
_i9423
_si
_t119.32
999 _c9214
_d9214